| 000 | 00949nam a22002897i 4500 | ||
|---|---|---|---|
| 003 | URS | ||
| 005 | 20220117090623.0 | ||
| 008 | 180131b xxu||||| |||| 00| 0 eng d | ||
| 020 | _z9719344612 | ||
| 050 | 1 | 4 |
_aNC 342 _bB6376 2008 |
| 100 | 1 | _aBolaños, Greg. | |
| 245 | 1 | 0 |
_aPastel / _cby Greg Bolaños. |
| 250 | _a1st Edition | ||
| 264 | 1 |
_aQuezon City : _bJamayco Pub. House, _c2008 |
|
| 300 |
_a178 pages : _bcolour illustrations ; _c29 cm |
||
| 336 |
_2rdacontent _atext |
||
| 336 |
_2rdacontent _astill image |
||
| 337 |
_2rdamedia _aunmediated |
||
| 338 |
_2rdacarrier _avolume |
||
| 500 | _a"A Philippine heritage book"--P. 5. | ||
| 524 | _aBolaños, G. (2008). Pastel (J. Hardy and M. Aguilar, Eds.). Quezon City: Jamayco Pub. House. | ||
| 650 | 0 |
_aPastel drawing _y20th century _zPhilippines |
|
| 650 | 0 |
_aPainters _xBiography _zPhilippines |
|
| 700 | 1 |
_aHardy, James _eeditor |
|
| 700 | 1 |
_aAguilar, Marlene _eeditor |
|
| 942 |
_2lcc _cCR |
||
| 999 |
_c6004 _d6004 |
||